| 000 | 00977cam a2200241 4500 | ||
|---|---|---|---|
| 008 | 090401t1997 xxu||||| |||| 00| 0 eng d | ||
| 020 | _a1873844344 | ||
| 035 | _a(Sirsi) u82804 | ||
| 041 | _aeng | ||
| 050 | _a692.8 | ||
| 110 |
_aEuropean Construction Institute _93313 |
||
| 245 | _aPartnering in the public sector: a toolkit for the implementation of post award, project specific partnering on construction projects. | ||
| 260 |
_aLoughborough _bEuropean Construction Institute _c1997 |
||
| 300 | _aiv,45p. ; 30cm. | ||
| 350 | _a30 | ||
| 520 | _aAfter an introduction to the concept of partnering , the toolkit provides a step-by-step guide to each of the elements in partnering and concludes with an examination of training needs. Commissioned by the Construction Sponsorship Directorate of the DoE. | ||
| 650 | _aCONSTRUCTION INDUSTRY | ||
| 650 | _aPARTNERING | ||
| 650 | _aPUBLIC SECTOR | ||
| 690 | _aBUILT ENVIRONMENT | ||
| 942 | _n0 | ||
| 948 | _c19/12/1997 | ||
| 999 |
_c96835 _d96835 |
||